Skip to main content
Your cart is empty.
Your lists
Log in to create your own lists
Your cookies
العربية
English
العربية
Home
Search
Advanced search
Authority search
About
The noble scholar, jurist, historian
His Excellency Dr. Abdul Wahhab bin Ibrahim Abu Sulaiman, may Allah have mercy on him.
He was born in Umm Al-Qura in the year 1356 AH.
Library catalog
Title
Author
Subject
ISBN
ISSN
Series
Call number
Log in to your account
×
Login:
Password:
Home
MARC view: الوكالات والبيوت الإسلامية في مصر العثمانية /
Normal view
MARC view
ISBD view
الوكالات والبيوت الإسلامية في مصر العثمانية / (Record no. 8704)
[
view plain
]
MARC details
000 -LEADER
fixed length control field
01349cam a22003371i 4500
003 - CONTROL NUMBER IDENTIFIER
control field
SA-RiAUC
005 - DATE AND TIME OF LATEST TRANSACTION
control field
20250603121300.0
008 - FIXED-LENGTH DATA ELEMENTS--GENERAL INFORMATION
fixed length control field
250603s1993 ua fko g b 00010 ara c
020 ## - INTERNATIONAL STANDARD BOOK NUMBER
International Standard Book Number
977270059X
Terms of availability
5$
040 ## - CATALOGING SOURCE
Original cataloging agency
SA-AhKFU
Language of cataloging
ara
Transcribing agency
SA-RiAUC
Modifying agency
EG-CaALM
Description conventions
rda
043 ## - GEOGRAPHIC AREA CODE
Geographic area code
f-ua---
050 #4 - LIBRARY OF CONGRESS CALL NUMBER
Item number
.M86 1993
082 04 - DEWEY DECIMAL CLASSIFICATION NUMBER
Classification number
720.962
Assigning agency
SA-RiAUC
090 ## - LOCALLY ASSIGNED LC-TYPE CALL NUMBER (OCLC); LOCAL CALL NUMBER (RLIN)
Classification number (OCLC) (R) ; Classification number, CALL (RLIN) (NR)
720.962
Local cutter number (OCLC) ; Book number/undivided call number, CALL (RLIN)
م ح م
100 1# - MAIN ENTRY--PERSONAL NAME
Personal name
محمد، رفعت موسى
Relator term
مؤلف.
245 12 - TITLE STATEMENT
Title
الوكالات والبيوت الإسلامية في مصر العثمانية /
Statement of responsibility, etc.
رفعت موسى محمد.
250 ## - EDITION STATEMENT
Edition statement
الطبعة الأولى.
264 #1 - PRODUCTION, PUBLICATION, DISTRIBUTION, MANUFACTURE, AND COPYRIGHT NOTICE
Place of production, publication, distribution, manufacture
القاهرة :
Name of producer, publisher, distributor, manufacturer
الدار المصرية اللبنانية،
Date of production, publication, distribution, manufacture, or copyright notice
1993
300 ## - PHYSICAL DESCRIPTION
Extent
423 صفحة :
Other physical details
أشكال، صور، لوحات ؛
Dimensions
24 سم
336 ## - CONTENT TYPE
Content type term
نص
Content type code
txt
Source
rdacontent
Materials specified
كتاب
337 ## - MEDIA TYPE
Media type term
بدون وسيط
Media type code
n
Source
rdamedia
338 ## - CARRIER TYPE
Carrier type term
مجلد
Carrier type code
nc
Source
rdacarrier
504 ## - BIBLIOGRAPHY, ETC. NOTE
Bibliography, etc. note
ببليوجرافية : صفحة 355-388.
650 #7 - SUBJECT ADDED ENTRY--TOPICAL TERM
Topical term or geographic name entry element
العمارة الإسلامية
Geographic subdivision
مصر
General subdivision
تاريخ
Chronological subdivision
الحكم العثماني، 1517-1882
Source of heading or term
aucsh
651 #7 - SUBJECT ADDED ENTRY--GEOGRAPHIC NAME
Geographic name
مصر
General subdivision
تاريخ
Chronological subdivision
الحكم العثماني، 1517-1882
Source of heading or term
aucsh
856 4# - ELECTRONIC LOCATION AND ACCESS
Uniform Resource Identifier
<a href="https://www.aruc.org/ar/digital-content/33281">https://www.aruc.org/ar/digital-content/33281</a>
897 ## - LOCAL SERIES ADDED ENTRY--CORPORATE NAME (RLIN)
Corporate name or jurisdiction name as entry element
yes
942 ## - ADDED ENTRY ELEMENTS (KOHA)
Source of classification or shelving scheme
Dewey Decimal Classification
Koha item type
Books
Suppress in OPAC
No
949 ## - LOCAL PROCESSING INFORMATION (OCLC)
a
SA-JeALM
d
250603
u
mohamedma123
n
1
Holdings
Withdrawn status
Lost status
Source of classification or shelving scheme
Damaged status
Not for loan
Home library
Current library
Date acquired
Total checkouts
Full call number
Barcode
Date last seen
Price effective from
Koha item type
Dewey Decimal Classification
DR AbdElwahab Library
DR AbdElwahab Library
06/03/2025
720.962 م ح م
000013996
06/03/2025
06/03/2025
Books
Place hold
Print
Add to your cart
(remove)
Save record
BIBTEX
Dublin Core
MARCXML
MARC (non-Unicode/MARC-8)
MARC (Unicode/UTF-8)
MARC (Unicode/UTF-8, Standard)
MODS (XML)
RIS
ISBD
More searches
Search for this title in:
Other Libraries (WorldCat)
Other Databases (Google Scholar)
Online Stores (Bookfinder.com)
Open Library (openlibrary.org)
Exporting to Dublin Core...
×
Simple DC-RDF
OAI-DC
SRW-DC